000 01337nam0a22003131 4500
001 rc\2275064
005 20140411135224.0
035 _a(NLR Aleph) 006548201
090 _a6710815
_c6710815
100 _a20110829d1979 |||y0rusy50 ca
101 0 _arus
102 _aRU
105 _aa z |||a|
200 1 _aСтихи
_aПоэмы
_fВладимир Маяковский
_g[Худож. В.В. Мезер]
210 _aЭлиста
_cКалмыц. кн. изд-во
_d1979
215 _a208 с.
_cил.
_d20
327 1 _aСодерж.: Стихи; Поэмы: Облако в штанах (тетраптих); Владимир Ильич Ленин; Хорошо!; Во весь голос
464 0 _12001#$aСтихи$aОблако в штанах (тетраптих)$eПоэма$aВладимир Ильич Ленин$eПоэма$aХорошо!$eПоэма$aВо весь голос$eПоэма
686 _aШ5(2=Р)72-65я44
_2rubbk
686 _aЩ897.56(2)Мезер,В.В.
_2rubbk
700 1 _aМаяковский
_bВ. В.
_f1893-1930
_gВладимир Владимирович
_3RU\NLR\AUTH\775761
702 1 _aМезер
_bВ. В.
_4440
801 0 _aRU
_bNLR
_gpsbo
801 1 _aRU
_bELAR
_2rusmarc
852 _aNLR
_j79-3/5507
899 _aRuMoRGB
_jB 79-17/23
942 _cBOOK
980 _aNB